00770nam a2200229Ia 4500001002200000003000900022008004100031040002300072041001300095100002000108240005100128245005400179250001500233260003600248300001900284490002400303500002500327501012400352520000900476700001900485700003600504271-DAV an vi (13971)IT-MiSPE171229s9999||||xx |||||||||||||| ||und|| aIT-MiSPEcIT-MiSPE aITALIANO aAnselme Davril  aLa vie des moines au temps des grandes abbayes 0aLa vita dei monacibAl tempo delle grandi abbazie a1a ed. (v) aCinisello B.mobSan Paoloc2002 a327 p. c22 cm aVie della storiav3 aMonachesimo - Storia aEdizioni San Paolo srl - Piazza Soncino, 5 - 20092 CINISELLO BALSAMO (MI) (non commercial uses only) ® Copyright 2018 aTav. aÉric Palazzo aPierluigi Fiorinig(traduzione)